000 00456nam a2200169Ia 4500
008 241127s9999||||xx |||||||||||||| ||und||
020 _a9780273708353
_c266.6266.6
040 _beng
_cSSK Library
_erda
082 _a302.35/HUC
100 _a Andrzej A. Huczynski, David A. Buchanan
245 0 _aOrganizational Behaviour: An Introductory Text
250 _a6th ed
260 _c©2007
942 _22ddc
_cBOOK
_nNo
999 _c9545
_d9545
003 OSt
005 20241127152809.0